Statistiques concernant Deuxiéme villes °1

Cliquez ici pour prendre le quiz!

Statistiques générales

  • Ce quiz a été pris 241 fois
    (141 depuis la dernière actualisation)
  • Le résultat moyen est 8 sur 16

Statistiques - réponses

2éme villePays% Correct
MontrealCanada
98%
Abu DhabiEmirats arabes unis
87%
SplitCroatie
81%
GrazAutriche
73%
ArequipaPerou
67%
BrnoRepubliqué Tchèque
66%
KaunasLituanie
60%
CórdobaArgentine
56%
MbabaneEswatini
52%
KandaharAfghanistan
50%
ColónPanama
32%
BasraIrak
31%
LeónNicaragua
31%
LindenGuyana
7%
GanjaAzerbaidjan
6%
BimboRepubliqué Centrafricaine
3%

Distribution des résultats

Percentile par nombre de réponses

% des personnes avec chaque résultat

Votre développement - résultats

Vous n’avez pas pris ce quiz depuis la dernière actualisation